Grace on crutches : (Record no. 120922)
[ view plain ]
| 000 -LEADER | |
|---|---|
| fixed length control field | 00833nam a2200253 a 4500 |
| 001 - CONTROL NUMBER | |
| control field | 3807449 |
| 003 - CONTROL NUMBER IDENTIFIER | |
| control field | ARRUPE |
| 005 - DATE AND TIME OF LATEST TRANSACTION | |
| control field | 20140924133125.0 |
| 008 - FIXED-LENGTH DATA ELEMENTS--GENERAL INFORMATION | |
| fixed length control field | 850920s1986 nyua b 000 0 eng |
| 010 ## - LIBRARY OF CONGRESS CONTROL NUMBER | |
| LC control number | 85062930 |
| 020 ## - INTERNATIONAL STANDARD BOOK NUMBER | |
| International Standard Book Number | 0809127822 (pbk.) : |
| Terms of availability | $10.95 |
| 040 ## - CATALOGING SOURCE | |
| Original cataloging agency | DLC |
| Transcribing agency | DLC |
| Modifying agency | DLC |
| 050 00 - LIBRARY OF CONGRESS CALL NUMBER | |
| Classification number | BX1756.B828 |
| Item number | G73 1986 |
| 082 00 - DEWEY DECIMAL CLASSIFICATION NUMBER | |
| Classification number | 252/.02 |
| Edition number | 19 |
| 300 ## - PHYSICAL DESCRIPTION | |
| Other physical details | ill. ; |
| Dimensions | 23 cm. |
| 100 1# - MAIN ENTRY--PERSONAL NAME | |
| Personal name | Burghardt, Walter J. |
| 9 (RLIN) | 11535 |
| 245 10 - TITLE STATEMENT | |
| Title | Grace on crutches : |
| Remainder of title | homilies for fellow travelers / |
| Statement of responsibility, etc | Walter J. Burghardt ; [illustrations by Wendy Mahin]. |
| 260 ## - PUBLICATION, DISTRIBUTION, ETC. (IMPRINT) | |
| Place of publication, distribution, etc | New York : |
| Name of publisher, distributor, etc | Paulist Press, |
| Date of publication, distribution, etc | c1986. |
| 300 ## - PHYSICAL DESCRIPTION | |
| Extent | viii, 221 p. : |
| 504 ## - BIBLIOGRAPHY, ETC. NOTE | |
| Bibliography, etc | Bibliography: p. 209-221. |
| 610 20 - SUBJECT ADDED ENTRY--CORPORATE NAME | |
| Corporate name or jurisdiction name as entry element | Catholic Church |
| General subdivision | Sermons. |
| 9 (RLIN) | 3001 |
| 650 #0 - SUBJECT ADDED ENTRY--TOPICAL TERM | |
| Topical term or geographic name as entry element | Sermons, American. |
| 9 (RLIN) | 11536 |
| 906 ## - LOCAL DATA ELEMENT F, LDF (RLIN) | |
| a | 7 |
| b | cbc |
| c | orignew |
| d | 3 |
| e | opcn |
| f | 19 |
| g | y-gencatlg |
| 942 ## - ADDED ENTRY ELEMENTS (KOHA) | |
| Source of classification or shelving scheme | Library of Congress Classification |
| Koha item type | Monograph ( Printed materials) |
| Withdrawn status | Lost status | Source of classification or shelving scheme | Damaged status | Not for loan | Collection code | Home library | Current library | Shelving location | Date acquired | Total Checkouts | Full call number | Barcode | Date last seen | Date checked out | Price effective from | Koha item type |
|---|---|---|---|---|---|---|---|---|---|---|---|---|---|---|---|---|
| Library of Congress Classification | Main Collection | ARRUPE LIBRARY | ARRUPE LIBRARY | Main Collection | 24/09/2014 | 1 | BX1756.B828 G7 1986 | 46500000388 | 10/01/2018 | 06/12/2017 | 24/09/2014 | Monograph ( Printed materials) |